000 00343cam a2200133ua 4500
082 _a828.09
_bSAM/SH
100 _aSamarin, Roman .
_91748
245 _aShakespeare In the Soviet Union /
250 _a1 /
260 _aMoscow :
_bProgress Publishers ,
_c1966.
300 _a274 ; .
700 1 _aNirolyukin, Alexander .
_91749
942 _cBK
999 _c7824
_d7824